Puppy Breeds by Picture - Statistics

General Stats
  • This quiz has been taken 116 times
    109 since last reset
  • The average score is 9 of 16
Answer Stats
Picture Answer % Correct
Labrador Retriever
83%
Bulldog
82%
Golden Retriever
79%
Chihuahua
78%
German Shepherd
78%
Dachshund
71%
Dalmation
69%
Husky
68%
Poodle
65%
Beagle
61%
Corgi
60%
Basset Hound
39%
Bernese Mountain Dog
38%
Samoyed
25%
Chow Chow
24%
Cavalier
18%
No matching quizzes found
Score Distribution
Percent of People with Each Score
Percentile by Number Answered
Your Score History
You have not taken this quiz since the last reset